[Event "Batatais op 2nd"]
[Site "Batatais"]
[Date "2011.12.18"]
[Round "5"]
[White "Paixao, Janaina"]
[Black "Rodrigues, Joao Victor da Silv"]
[Result "0-1"]
[WhiteElo "1763"]
[BlackElo "1761"]
[PlyCount "82"]
[EventDate "2011.12.16"]
[EventType "swiss"]
[EventRounds "6"]
[EventCountry "BRA"]
[SourceTitle "EXT 2013"]
[Source "ChessBase"]
[SourceDate "2012.11.22"]
[SourceVersion "1"]
[SourceVersionDate "2012.11.22"]
[SourceQuality "1"]

1. e4 c5 2. Nf3 Nc6 3. d4 cxd4 4. Nxd4 e6 5. Nc3 a6 6. Be2 Qc7 7. 0-0 Nf6 8. a3 Bd6 9. f4 Nxd4 10. Kh1 e5 11. f5 b5 12. Bg5 Be7 13. Bxf6 Bxf6 14. Nd5 Qd8 15. c3 Nxe2 16. Qxe2 Bb7 17. Nxf6+ Qxf6 18. Rad1 Qc6 19. Qg4 Qf6 20. Rd3 Rc8 21. Rfd1 h5 22. Qg3 Bxe4 23. Rd6 Qxf5 24. Qxg7 Rf8 25. Rxd7 Bc6 26. R7d6 h4 27. Kg1 Ke7 28. Rf1 Qxf1+ 29. Kxf1 Kxd6 30. Qf6+ Kd5 31. Qf3+ Ke6 32. Qg4+ f5 33. Qxh4 Rh8 34. Qb4 Rxh2 35. Qa5 Rxg2 36. Qxa6 Kd7 37. Qa7+ Rc7 38. Qe3 Be4 39. b3 Rc2 40. Qb6 Bd3+ 41. Ke1 R2xc3 0-1